000 00724nam a2200265Ia 4500
005 20260121171630.0
008 008 260114s9999 xx 000 0 eng d
020 _a9783030256746
037 _aEBOOK
040 _aCRL
040 _beng
040 _cCRL
041 _2eng
041 _aeng
084 _qCRL
100 _aOran R. Young, Paul Arthur Berkman, Alexander N. Vylegzhanin
_91078602
245 0 _aGoverning Arctic Seas: Regional Lessons from the Bering Strait and Barents Sea
260 _bSpringer
260 _bSpringer
260 _c2020
856 _uhttps://link.springer.com/openurl?genre=book&isbn=978-3-030-25674-6
942 _cEBOOK
999 _c1644333
_d1644333